[Event "DVM U16 2023"]
[Site "Magdeburg GER"]
[Date "2023.12.28"]
[Round "4"]
[White "Pichl, Christoph"]
[Black "Borgstädt, Leif Jona"]
[Result "0-1"]
[Termination "normal"]
[Board "8.3"]
[WhiteElo "1680"]
[BlackElo "1442"]
[WhiteClock "00:10:40"]
[BlackClock "00:30:23"]
[WhiteTeam "SK Bad Homburg 1927"]
[BlackTeam "Bielefelder SK 1883"]
[PlyCount "76"]
[WhiteFideId "16249739"]
[BlackFideId "16266153"]
[EventCountry "GER"]
[EventRounds "7"]
[EventType "team-swiss"]
[EventDate "2023.12.26"]

1. d4 {[%clk 01:30:55]} {[%emt 00:00:04]} d5 {[%clk 01:30:57]} {[%emt
00:00:04]} 2. Nf3 {[%clk 01:31:05]} {[%emt 00:00:20]} Nf6 {[%clk 01:30:43]}
{[%emt 00:00:44]} 3. c3 {[%clk 01:31:26]} {[%emt 00:00:08]} c5 {[%clk
01:30:02]} {[%emt 00:01:11]} 4. dxc5 {[%clk 01:31:50]} {[%emt 00:00:07]} e6
{[%clk 01:28:00]} {[%emt 00:02:31]} 5. Be3 {[%clk 01:31:41]} {[%emt 00:00:40]}
Ne4 {[%clk 01:23:44]} {[%emt 00:04:45]} 6. b4 {[%clk 01:24:30]} {[%emt
00:07:42]} Bd7 {[%clk 01:12:25]} {[%emt 00:11:49]} 7. g3 {[%clk 01:22:19]}
{[%emt 00:02:41]} a5 {[%clk 01:11:45]} {[%emt 00:01:09]} 8. Qb3 {[%clk
01:14:16]} {[%emt 00:08:33]} axb4 {[%clk 01:05:28]} {[%emt 00:06:47]} 9. cxb4
{[%clk 01:13:18]} {[%emt 00:01:28]} Be7 {[%clk 00:54:16]} {[%emt 00:11:43]} 10.
Nc3 {[%clk 01:04:38]} {[%emt 00:09:10]} Bf6 {[%clk 00:42:41]} {[%emt 00:12:05]}
11. Bd4 {[%clk 01:03:44]} {[%emt 00:01:23]} Nc6 {[%clk 00:40:58]} {[%emt
00:02:14]} 12. Nb5 {[%clk 00:48:31]} {[%emt 00:15:43]} Nxd4 {[%clk 00:40:15]}
{[%emt 00:01:13]} 13. Nbxd4 {[%clk 00:43:55]} {[%emt 00:05:06]} Bxd4 {[%clk
00:40:32]} {[%emt 00:00:12]} 14. Nxd4 {[%clk 00:39:51]} {[%emt 00:04:35]} Qf6
{[%clk 00:40:48]} {[%emt 00:00:13]} 15. O-O-O {[%clk 00:24:12]} {[%emt
00:16:10]} Nxf2 {[%clk 00:38:53]} {[%emt 00:02:25]} 16. Bg2 {[%clk 00:23:33]}
{[%emt 00:01:09]} Nxh1 {[%clk 00:38:21]} {[%emt 00:01:01]} 17. Bxh1 {[%clk
00:23:54]} {[%emt 00:00:09]} Ba4 {[%clk 00:37:40]} {[%emt 00:01:11]} 18. Qa3
{[%clk 00:23:09]} {[%emt 00:01:15]} O-O {[%clk 00:37:50]} {[%emt 00:00:20]} 19.
Nb3 {[%clk 00:22:42]} {[%emt 00:00:57]} Bxb3 {[%clk 00:35:16]} {[%emt
00:03:04]} 20. Qxb3 {[%clk 00:23:06]} {[%emt 00:00:06]} Qa1+ {[%clk 00:35:33]}
{[%emt 00:00:13]} 21. Kd2 {[%clk 00:15:51]} {[%emt 00:07:46]} Qxa2+ {[%clk
00:34:35]} {[%emt 00:01:28]} 22. Qxa2 {[%clk 00:16:13]} {[%emt 00:00:08]} Rxa2+
{[%clk 00:34:57]} {[%emt 00:00:08]} 23. Ke3 {[%clk 00:15:43]} {[%emt 00:00:59]}
Rb2 {[%clk 00:35:01]} {[%emt 00:00:26]} 24. Rd4 {[%clk 00:16:05]} {[%emt
00:00:08]} Ra8 {[%clk 00:34:41]} {[%emt 00:00:48]} 25. Bf3 {[%clk 00:15:43]}
{[%emt 00:00:54]} g6 {[%clk 00:34:30]} {[%emt 00:00:41]} 26. g4 {[%clk
00:15:11]} {[%emt 00:01:03]} Ra4 {[%clk 00:34:34]} {[%emt 00:00:24]} 27. Kf4
{[%clk 00:14:32]} {[%emt 00:01:10]} Rbxb4 {[%clk 00:34:27]} {[%emt 00:00:36]}
28. Rxb4 {[%clk 00:14:56]} {[%emt 00:00:10]} Rxb4+ {[%clk 00:34:48]} {[%emt
00:00:06]} 29. Ke5 {[%clk 00:15:21]} {[%emt 00:00:05]} Kf8 {[%clk 00:33:29]}
{[%emt 00:01:49]} 30. Kd6 {[%clk 00:15:30]} {[%emt 00:00:21]} Rc4 {[%clk
00:33:07]} {[%emt 00:00:50]} 31. h3 {[%clk 00:15:17]} {[%emt 00:00:45]} Ke8
{[%clk 00:32:33]} {[%emt 00:01:03]} 32. Bh1 {[%clk 00:14:07]} {[%emt 00:01:41]}
Kd8 {[%clk 00:32:24]} {[%emt 00:00:39]} 33. Bf3 {[%clk 00:14:12]} {[%emt
00:00:25]} Rc2 {[%clk 00:32:06]} {[%emt 00:00:47]} 34. h4 {[%clk 00:14:18]}
{[%emt 00:00:25]} h6 {[%clk 00:31:48]} {[%emt 00:00:48]} 35. e4 {[%clk
00:13:10]} {[%emt 00:01:39]} d4 {[%clk 00:31:03]} {[%emt 00:01:15]} 36. e5
{[%clk 00:13:28]} {[%emt 00:00:11]} d3 {[%clk 00:31:15]} {[%emt 00:00:18]} 37.
g5 {[%clk 00:12:20]} {[%emt 00:01:39]} h5 {[%clk 00:30:24]} {[%emt 00:01:21]}
38. c6 {[%clk 00:10:40]} {[%emt 00:02:09]} Rxc6+ {[%clk 00:30:23]} {[%emt
00:00:30]} 0-1

[Event "DVM U16 2023"]
[Site "Magdeburg GER"]
[Date "2023.12.28"]
[Round "4"]
[White "Gross, Felix"]
[Black "Negru, Maximilian"]
[Result "0-1"]
[Termination "normal"]
[Board "8.4"]
[WhiteElo "1554"]
[BlackElo "1316"]
[WhiteClock "00:50:33"]
[BlackClock "00:48:06"]
[WhiteTeam "Bielefelder SK 1883"]
[BlackTeam "SK Bad Homburg 1927"]
[PlyCount "62"]
[WhiteFideId "34681671"]
[BlackFideId "16298136"]
[EventCountry "GER"]
[EventRounds "7"]
[EventType "team-swiss"]
[EventDate "2023.12.26"]

1. e4 {[%clk 01:30:56]} {[%emt 00:00:03]} e6 {[%clk 01:30:56]} {[%emt
00:00:04]} 2. d4 {[%clk 01:31:20]} {[%emt 00:00:06]} d5 {[%clk 01:31:24]}
{[%emt 00:00:02]} 3. exd5 {[%clk 01:31:46]} {[%emt 00:00:05]} exd5 {[%clk
01:31:50]} {[%emt 00:00:04]} 4. Nf3 {[%clk 01:32:11]} {[%emt 00:00:05]} Nf6
{[%clk 01:32:03]} {[%emt 00:00:17]} 5. Bd3 {[%clk 01:32:26]} {[%emt 00:00:15]}
Bd6 {[%clk 01:32:29]} {[%emt 00:00:04]} 6. Qe2+ {[%clk 01:32:38]} {[%emt
00:00:18]} Be6 {[%clk 01:31:31]} {[%emt 00:01:29]} 7. Ng5 {[%clk 01:30:30]}
{[%emt 00:02:37]} Qd7 {[%clk 01:24:00]} {[%emt 00:08:01]} 8. Nxe6 {[%clk
01:26:25]} {[%emt 00:04:35]} fxe6 {[%clk 01:23:04]} {[%emt 00:01:26]} 9. Bf5
{[%clk 01:24:18]} {[%emt 00:02:37]} Kf7 {[%clk 01:19:35]} {[%emt 00:03:59]} 10.
Bd3 {[%clk 01:22:33]} {[%emt 00:02:15]} Nc6 {[%clk 01:16:24]} {[%emt 00:03:42]}
11. c3 {[%clk 01:15:53]} {[%emt 00:07:09]} e5 {[%clk 01:15:45]} {[%emt
00:01:09]} 12. dxe5 {[%clk 01:15:41]} {[%emt 00:00:43]} Bxe5 {[%clk 01:16:04]}
{[%emt 00:00:10]} 13. O-O {[%clk 01:12:36]} {[%emt 00:03:35]} Rae8 {[%clk
01:16:19]} {[%emt 00:00:15]} 14. Qf3 {[%clk 01:11:58]} {[%emt 00:01:07]} Qd6
{[%clk 01:10:21]} {[%emt 00:06:28]} 15. h3 {[%clk 01:09:38]} {[%emt 00:02:50]}
Bh2+ {[%clk 01:03:06]} {[%emt 00:07:46]} 16. Kh1 {[%clk 01:09:57]} {[%emt
00:00:12]} Ne5 {[%clk 01:02:34]} {[%emt 00:01:02]} 17. Qd1 {[%clk 01:08:44]}
{[%emt 00:01:42]} Ng6 {[%clk 01:00:45]} {[%emt 00:02:19]} 18. g3 {[%clk
01:04:13]} {[%emt 00:05:01]} Bxg3 {[%clk 01:01:08]} {[%emt 00:00:07]} 19. fxg3
{[%clk 01:04:38]} {[%emt 00:00:05]} Qxg3 {[%clk 01:01:32]} {[%emt 00:00:05]}
20. Qf3 {[%clk 01:04:47]} {[%emt 00:00:20]} Qxf3+ {[%clk 01:00:15]} {[%emt
00:01:49]} 21. Rxf3 {[%clk 01:05:05]} {[%emt 00:00:13]} Ne5 {[%clk 01:00:38]}
{[%emt 00:00:06]} 22. Rxf6+ {[%clk 01:01:27]} {[%emt 00:04:08]} gxf6 {[%clk
01:00:58]} {[%emt 00:00:09]} 23. Be2 {[%clk 00:58:35]} {[%emt 00:03:22]} Ng6
{[%clk 00:57:11]} {[%emt 00:04:18]} 24. Bf1 {[%clk 00:58:37]} {[%emt 00:00:28]}
Re1 {[%clk 00:57:34]} {[%emt 00:00:06]} 25. Nd2 {[%clk 00:59:03]} {[%emt
00:00:05]} Nf4 {[%clk 00:54:40]} {[%emt 00:03:24]} 26. Kh2 {[%clk 00:58:32]}
{[%emt 00:01:00]} Rhe8 {[%clk 00:52:25]} {[%emt 00:02:47]} 27. Kg3 {[%clk
00:57:26]} {[%emt 00:01:35]} Ne2+ {[%clk 00:50:56]} {[%emt 00:01:59]} 28. Bxe2
{[%clk 00:57:41]} {[%emt 00:00:16]} R8xe2 {[%clk 00:51:08]} {[%emt 00:00:17]}
29. Nf3 {[%clk 00:57:16]} {[%emt 00:00:54]} Rf1 {[%clk 00:48:56]} {[%emt
00:02:41]} 30. a4 {[%clk 00:53:32]} {[%emt 00:04:15]} Rc2 {[%clk 00:47:57]}
{[%emt 00:01:29]} 31. Nd4 {[%clk 00:50:33]} {[%emt 00:03:29]} Rcxc1 {[%clk
00:48:06]} {[%emt 00:00:22]} 0-1

[Event "DVM U16 2023"]
[Site "Magdeburg GER"]
[Date "2023.12.28"]
[Round "4"]
[White "Burns, Mikala Tristan"]
[Black "Bergmann, Lennart"]
[Result "1-0"]
[Termination "normal"]
[Board "9.1"]
[WhiteElo "1819"]
[BlackElo "1612"]
[WhiteClock "00:06:59"]
[BlackClock "00:07:27"]
[WhiteTeam "SG Grün-Weiß Dresden"]
[BlackTeam "VSG 1880 Offenbach"]
[PlyCount "139"]
[WhiteFideId "16288459"]
[BlackFideId "16270657"]
[EventCountry "GER"]
[EventRounds "7"]
[EventType "team-swiss"]
[EventDate "2023.12.26"]

1. e4 {[%clk 01:30:58]} {[%emt 00:00:03]} c5 {[%clk 01:30:49]} {[%emt
00:00:10]} 2. Nf3 {[%clk 01:31:24]} {[%emt 00:00:04]} Nc6 {[%clk 01:30:58]}
{[%emt 00:00:20]} 3. d4 {[%clk 01:31:50]} {[%emt 00:00:05]} cxd4 {[%clk
01:31:23]} {[%emt 00:00:04]} 4. Nxd4 {[%clk 01:32:16]} {[%emt 00:00:04]} e5
{[%clk 01:31:47]} {[%emt 00:00:06]} 5. Nb5 {[%clk 01:32:26]} {[%emt 00:00:20]}
d6 {[%clk 01:32:09]} {[%emt 00:00:09]} 6. N1c3 {[%clk 01:32:46]} {[%emt
00:00:09]} a6 {[%clk 01:32:31]} {[%emt 00:00:08]} 7. Na3 {[%clk 01:33:13]}
{[%emt 00:00:03]} Nf6 {[%clk 01:32:46]} {[%emt 00:00:15]} 8. Bg5 {[%clk
01:33:35]} {[%emt 00:00:07]} b5 {[%clk 01:33:10]} {[%emt 00:00:07]} 9. Bxf6
{[%clk 01:34:00]} {[%emt 00:00:05]} gxf6 {[%clk 01:31:50]} {[%emt 00:01:51]}
10. Nd5 {[%clk 01:34:21]} {[%emt 00:00:08]} f5 {[%clk 01:31:35]} {[%emt
00:00:45]} 11. c3 {[%clk 01:32:47]} {[%emt 00:02:04]} Bg7 {[%clk 01:24:24]}
{[%emt 00:07:41]} 12. exf5 {[%clk 01:33:06]} {[%emt 00:00:12]} Bxf5 {[%clk
01:23:16]} {[%emt 00:01:37]} 13. Nc2 {[%clk 01:33:19]} {[%emt 00:00:16]} O-O
{[%clk 01:20:17]} {[%emt 00:03:28]} 14. Nce3 {[%clk 01:33:34]} {[%emt
00:00:15]} Be6 {[%clk 01:19:48]} {[%emt 00:00:59]} 15. Bd3 {[%clk 01:33:23]}
{[%emt 00:00:42]} f5 {[%clk 01:18:49]} {[%emt 00:01:29]} 16. Bc2 {[%clk
01:30:13]} {[%emt 00:03:39]} Ne7 {[%clk 01:14:19]} {[%emt 00:05:01]} 17. O-O
{[%clk 01:23:53]} {[%emt 00:06:49]} Rc8 {[%clk 00:54:59]} {[%emt 00:19:50]} 18.
a4 {[%clk 01:17:44]} {[%emt 00:06:39]} Rc5 {[%clk 00:50:21]} {[%emt 00:05:08]}
19. Nxe7+ {[%clk 01:11:47]} {[%emt 00:06:27]} Qxe7 {[%clk 00:50:40]} {[%emt
00:00:11]} 20. axb5 {[%clk 00:57:31]} {[%emt 00:14:47]} axb5 {[%clk 00:45:36]}
{[%emt 00:05:34]} 21. Bb3 {[%clk 00:55:53]} {[%emt 00:02:07]} f4 {[%clk
00:43:12]} {[%emt 00:02:55]} 22. Bxe6+ {[%clk 00:48:12]} {[%emt 00:08:11]} Qxe6
{[%clk 00:42:10]} {[%emt 00:01:32]} 23. Nc2 {[%clk 00:46:10]} {[%emt 00:02:32]}
e4 {[%clk 00:31:13]} {[%emt 00:11:27]} 24. f3 {[%clk 00:42:16]} {[%emt
00:04:24]} e3 {[%clk 00:31:23]} {[%emt 00:00:20]} 25. Qe2 {[%clk 00:41:40]}
{[%emt 00:01:05]} Qb3 {[%clk 00:24:16]} {[%emt 00:07:37]} 26. Nb4 {[%clk
00:38:54]} {[%emt 00:03:16]} Qc4 {[%clk 00:20:24]} {[%emt 00:04:23]} 27. Rfe1
{[%clk 00:36:00]} {[%emt 00:03:23]} d5 {[%clk 00:18:50]} {[%emt 00:02:05]} 28.
Qxc4 {[%clk 00:33:23]} {[%emt 00:03:07]} bxc4 {[%clk 00:16:51]} {[%emt
00:02:29]} 29. Rad1 {[%clk 00:27:50]} {[%emt 00:06:03]} Rd8 {[%clk 00:10:37]}
{[%emt 00:06:44]} 30. g3 {[%clk 00:18:43]} {[%emt 00:09:38]} fxg3 {[%clk
00:02:48]} {[%emt 00:08:19]} 31. hxg3 {[%clk 00:15:29]} {[%emt 00:03:43]} d4
{[%clk 00:03:10]} {[%emt 00:00:08]} 32. Rxe3 {[%clk 00:15:19]} {[%emt
00:00:39]} dxe3 {[%clk 00:02:14]} {[%emt 00:01:27]} 33. Rxd8+ {[%clk 00:15:41]}
{[%emt 00:00:08]} Kf7 {[%clk 00:02:44]} 34. Rd7+ {[%clk 00:14:51]} {[%emt
00:01:20]} Kf8 {[%clk 00:02:27]} {[%emt 00:00:47]} 35. Rd5 {[%clk 00:13:51]}
{[%emt 00:01:30]} Rc7 {[%clk 00:02:05]} {[%emt 00:00:52]} 36. Kf1 {[%clk
00:13:46]} {[%emt 00:00:35]} Re7 {[%clk 00:00:57]} {[%emt 00:01:38]} 37. Ke2
{[%clk 00:14:02]} {[%emt 00:00:14]} Bh6 {[%clk 00:01:15]} {[%emt 00:00:12]} 38.
Rd8+ {[%clk 00:09:23]} {[%emt 00:05:09]} Kf7 {[%clk 00:01:27]} {[%emt
00:00:19]} 39. Rd4 {[%clk 00:08:51]} {[%emt 00:01:01]} Rc7 {[%clk 00:01:29]}
{[%emt 00:00:28]} 40. f4 {[%emt 00:01:17]} Bf8 {[%clk 00:01:37]} 41. Nd5 {[%clk
00:02:58]} {[%emt 00:05:57]} Rb7 {[%clk 00:30:23]} {[%emt 00:01:44]} 42. Rxc4
{[%clk 00:31:06]} {[%emt 00:02:21]} Rxb2+ {[%clk 00:30:32]} {[%emt 00:00:22]}
43. Kxe3 {[%clk 00:31:30]} {[%emt 00:00:07]} Rg2 {[%clk 00:29:48]} {[%emt
00:01:13]} 44. Kf3 {[%clk 00:31:30]} {[%emt 00:00:30]} Rd2 {[%clk 00:30:05]}
{[%emt 00:00:13]} 45. Ne3 {[%clk 00:29:56]} {[%emt 00:02:03]} Ke6 {[%clk
00:22:43]} {[%emt 00:07:53]} 46. Re4+ {[%clk 00:27:49]} {[%emt 00:02:37]} Kf7
{[%clk 00:22:20]} {[%emt 00:00:53]} 47. c4 {[%clk 00:25:14]} {[%emt 00:03:05]}
Bc5 {[%clk 00:20:16]} {[%emt 00:02:34]} 48. Re5 {[%clk 00:23:51]} {[%emt
00:01:53]} Bd4 {[%clk 00:18:48]} {[%emt 00:01:58]} 49. Rd5 {[%clk 00:18:01]}
{[%emt 00:06:20]} Rd3 {[%clk 00:17:45]} {[%emt 00:01:33]} 50. Ke4 {[%clk
00:18:26]} {[%emt 00:00:05]} Rxe3+ {[%clk 00:18:09]} {[%emt 00:00:07]} 51. Kxd4
{[%clk 00:18:51]} {[%emt 00:00:05]} Rxg3 {[%emt 00:04:02]} 52. Rh5 {[%clk
00:15:25]} Kg6 {[%clk 00:13:49]} {[%emt 00:05:14]} 53. Rh4 {[%clk 00:15:38]}
{[%emt 00:00:17]} Rg1 {[%clk 00:13:14]} {[%emt 00:01:06]} 54. c5 {[%clk
00:12:49]} {[%emt 00:03:18]} Kf5 {[%clk 00:07:58]} {[%emt 00:05:46]} 55. Rxh7
{[%clk 00:11:05]} {[%emt 00:02:14]} Rd1+ {[%clk 00:08:19]} {[%emt 00:00:08]}
56. Kc4 {[%clk 00:11:28]} {[%emt 00:00:07]} Rc1+ {[%clk 00:07:57]} {[%emt
00:00:53]} 57. Kb5 {[%clk 00:09:26]} {[%emt 00:02:31]} Rb1+ {[%clk 00:07:27]}
{[%emt 00:01:01]} 58. Kc6 {[%clk 00:09:47]} {[%emt 00:00:08]} Ke6 {[%clk
00:07:18]} {[%emt 00:00:40]} 59. Rh5 {[%clk 00:06:32]} {[%emt 00:03:45]} Ra1
{[%clk 00:06:55]} {[%emt 00:00:53]} 60. Re5 {[%clk 00:06:32]} {[%emt 00:00:29]}
Kf6 {[%clk 00:07:03]} {[%emt 00:00:23]} 61. Kc7 {[%clk 00:05:56]} {[%emt
00:01:06]} Ra4 {[%clk 00:07:15]} {[%emt 00:00:18]} 62. Re8 {[%clk 00:05:10]}
{[%emt 00:01:16]} Kf7 {[%clk 00:07:29]} {[%emt 00:00:16]} 63. Re2 {[%clk
00:05:16]} {[%emt 00:00:23]} Rxf4 {[%clk 00:07:47]} {[%emt 00:00:12]} 64. c6
{[%clk 00:05:38]} {[%emt 00:00:08]} Rc4 {[%clk 00:08:02]} {[%emt 00:00:16]} 65.
Kd7 {[%clk 00:05:45]} {[%emt 00:00:22]} Rd4+ {[%clk 00:08:13]} {[%emt
00:00:19]} 66. Kc8 {[%clk 00:06:05]} {[%emt 00:00:10]} Rc4 {[%clk 00:08:24]}
{[%emt 00:00:19]} 67. c7 {[%clk 00:06:29]} {[%emt 00:00:07]} Rc1 {[%clk
00:08:45]} {[%emt 00:00:09]} 68. Re4 {[%clk 00:06:21]} {[%emt 00:00:37]} Kf6
{[%clk 00:08:26]} {[%emt 00:00:50]} 69. Kb7 {[%clk 00:06:38]} {[%emt 00:00:12]}
Kf5 {[%clk 00:07:27]} {[%emt 00:01:30]} 70. Rb4 {[%clk 00:06:59]} {[%emt
00:00:08]} 1-0

[Event "DVM U16 2023"]
[Site "Magdeburg GER"]
[Date "2023.12.28"]
[Round "4"]
[White "Werner, Florin"]
[Black "Radeke, Timothy"]
[Result "1-0"]
[Termination "normal"]
[Board "9.2"]
[WhiteElo "1701"]
[BlackElo "1504"]
[WhiteClock "00:19:04"]
[BlackClock "00:53:04"]
[WhiteTeam "VSG 1880 Offenbach"]
[BlackTeam "SG Grün-Weiß Dresden"]
[PlyCount "73"]
[WhiteFideId "16250230"]
[BlackFideId "16289412"]
[EventCountry "GER"]
[EventRounds "7"]
[EventType "team-swiss"]
[EventDate "2023.12.26"]

1. e4 {[%clk 01:30:56]} {[%emt 00:00:04]} e5 {[%clk 01:30:56]} {[%emt
00:00:04]} 2. Nf3 {[%clk 01:31:18]} {[%emt 00:00:07]} Nc6 {[%clk 01:31:23]}
{[%emt 00:00:04]} 3. Bb5 {[%clk 01:31:44]} {[%emt 00:00:04]} a6 {[%clk
01:31:48]} {[%emt 00:00:04]} 4. Ba4 {[%clk 01:32:11]} {[%emt 00:00:03]} Nf6
{[%clk 01:32:12]} {[%emt 00:00:05]} 5. O-O {[%clk 01:31:57]} {[%emt 00:00:43]}
Be7 {[%clk 01:32:33]} {[%emt 00:00:10]} 6. Re1 {[%clk 01:31:55]} {[%emt
00:00:32]} b5 {[%clk 01:30:15]} {[%emt 00:02:48]} 7. Bb3 {[%clk 01:32:18]}
{[%emt 00:00:07]} O-O {[%clk 01:29:35]} {[%emt 00:01:09]} 8. c3 {[%clk
01:32:40]} {[%emt 00:00:09]} d5 {[%clk 01:29:58]} {[%emt 00:00:08]} 9. exd5
{[%clk 01:33:02]} {[%emt 00:00:07]} Nxd5 {[%clk 01:30:00]} {[%emt 00:00:28]}
10. Nxe5 {[%clk 01:33:29]} {[%emt 00:00:03]} Nxe5 {[%clk 01:30:19]} {[%emt
00:00:11]} 11. Rxe5 {[%clk 01:33:57]} {[%emt 00:00:02]} c6 {[%clk 01:30:42]}
{[%emt 00:00:07]} 12. d3 {[%clk 01:34:23]} {[%emt 00:00:04]} Bd6 {[%clk
01:30:41]} {[%emt 00:00:31]} 13. Re1 {[%clk 01:34:49]} {[%emt 00:00:04]} Qh4
{[%clk 01:30:51]} {[%emt 00:00:20]} 14. g3 {[%clk 01:35:15]} {[%emt 00:00:03]}
Qh3 {[%clk 01:31:11]} {[%emt 00:00:10]} 15. Re4 {[%clk 01:35:42]} {[%emt
00:00:04]} Qf5 {[%clk 01:26:06]} {[%emt 00:05:35]} 16. Bc2 {[%clk 01:26:36]}
{[%emt 00:09:36]} Qg6 {[%clk 01:24:59]} {[%emt 00:01:37]} 17. Rh4 {[%clk
01:21:53]} {[%emt 00:05:14]} Bf5 {[%clk 01:22:34]} {[%emt 00:02:54]} 18. a4
{[%clk 01:17:31]} {[%emt 00:04:52]} Be7 {[%clk 01:22:32]} {[%emt 00:00:32]} 19.
Rd4 {[%clk 01:17:01]} {[%emt 00:01:00]} Bf6 {[%clk 01:22:46]} {[%emt 00:00:16]}
20. Re4 {[%clk 01:17:23]} {[%emt 00:00:08]} b4 {[%clk 01:20:10]} {[%emt
00:03:06]} 21. Rc4 {[%clk 01:13:22]} {[%emt 00:04:31]} bxc3 {[%clk 01:17:06]}
{[%emt 00:03:35]} 22. Nxc3 {[%clk 01:13:11]} {[%emt 00:00:41]} Nxc3 {[%clk
01:16:33]} {[%emt 00:01:03]} 23. bxc3 {[%clk 01:13:26]} {[%emt 00:00:15]} Rad8
{[%clk 01:16:09]} {[%emt 00:00:54]} 24. Rxc6 {[%clk 01:06:51]} {[%emt
00:07:05]} Bxd3 {[%clk 01:15:48]} {[%emt 00:00:51]} 25. Bxd3 {[%clk 01:06:40]}
{[%emt 00:00:41]} Rxd3 {[%clk 01:16:12]} {[%emt 00:00:06]} 26. Qe2 {[%clk
01:03:17]} {[%emt 00:03:54]} a5 {[%clk 01:13:27]} {[%emt 00:03:15]} 27. Ba3
{[%clk 01:02:10]} {[%emt 00:01:37]} Rfd8 {[%clk 01:12:52]} {[%emt 00:01:04]}
28. Be7 {[%clk 00:59:43]} {[%emt 00:02:57]} Rb8 {[%clk 01:08:36]} {[%emt
00:04:46]} 29. Bd6 {[%clk 00:50:03]} {[%emt 00:10:10]} Rd8 {[%clk 01:07:45]}
{[%emt 00:01:21]} 30. Bc7 {[%clk 00:48:59]} {[%emt 00:01:34]} Ra8 {[%clk
01:06:28]} {[%emt 00:01:47]} 31. Bxa5 {[%clk 00:48:24]} {[%emt 00:01:04]} h5
{[%clk 01:05:00]} {[%emt 00:01:58]} 32. Bb4 {[%clk 00:41:38]} {[%emt 00:07:17]}
Rad8 {[%clk 01:03:29]} {[%emt 00:02:01]} 33. Re1 {[%clk 00:40:58]} {[%emt
00:01:10]} h4 {[%clk 01:02:22]} {[%emt 00:01:37]} 34. a5 {[%clk 00:23:25]}
{[%emt 00:18:03]} Qf5 {[%clk 00:54:02]} {[%emt 00:08:49]} 35. Rc5 {[%clk
00:22:22]} {[%emt 00:01:34]} Qg6 {[%clk 00:54:01]} {[%emt 00:00:31]} 36. Rh5
{[%clk 00:19:18]} {[%emt 00:03:34]} Rd2 {[%clk 00:53:04]} {[%emt 00:01:27]} 37.
Qe8+ {[%clk 00:19:04]} {[%emt 00:00:13]} 1-0